Jupp Heynckes' Real Madrid - Statistics

General Stats
  • This quiz has been taken 12 times
  • The average score is 12 of 25
Answer Stats
Rank Player Position Nationality Matches Goals Assists % Correct
1 Raúl Second Striker 49 15 4
100%
2 Clarence Seedorf Central Midfield 49 7 11
92%
9 Davor Suker Centre-Forward 39 15 7
92%
5 Fernando Morientes Centre-Forward 45 16 4
92%
3 Roberto Carlos Left-Back 47 7 15
92%
8 Fernando Hierro Centre-Back 40 6 4
75%
4 Fernando Redondo Defensive Midfield 46 0 3
67%
18 Bodo Illgner Goalkeeper 19 0 0
58%
12 Predrag Mijatović Centre-Forward 34 12 6
58%
6 Manolo Sanchís Centre-Back 44 1 0
50%
10 Víctor Sánchez Right Winger 38 3 2
50%
13 Christian Panucci Right-Back 33 2 0
42%
17 Guti Central Midfield 22 1 2
42%
20 Zé Roberto Left Midfield 12 1 1
42%
16 Christian Karembeu Defensive Midfield 23 3 1
33%
11 Santiago Cañizares Goalkeeper 34 0 1
33%
19 Sávio Left Winger 15 3 1
33%
15 Aitor Karanka Centre-Back 27 0 1
25%
23 Chendo Right-Back 7 0 1
25%
21 Dani García Centre-Forward 12 0 0
25%
22 Fernando Sanz Centre-Back 10 0 0
25%
7 Jaime Defensive Midfield 43 0 1
25%
14 José Amavisca Left Midfield 33 0 2
25%
25 Álvaro Benito Left Midfield 1 0 0
17%
24 Roberto Rojas Right-Back 1 0 0
17%
No matching quizzes found
Score Distribution
Percent of People with Each Score
Percentile by Number Answered
Your Score History
You have not taken this quiz